000 01057nas a2200301 4500
001 BR8501139
003 BR-BrBNA
005 20231205090132.0
007 ta
008 230509b bl.|||p| |||| 00| 00por d
040 _aBR-BrBNA
_bpor
_cBiblioteca Nacional de Agricultura
041 _a(Pt)
072 _aF25
100 1 _aMolino, J.A.
100 1 _aNascimento Junior, D. do
100 1 _aObeid, J.A.
100 1 _aRibeiro, A.C.
100 1 _aBraga, J.M.
245 1 _aVinhaca como fertilizante em capineira de capim-elefante (Pennisetum purpureum, Schum.), variedades Cameroun e Mineirao
_bParte de tese
246 1 _aVinesse as fertilizer in elephant grass (Pennisetum purpureum Schum.)crop, varieties Cameroun and Mineirao
_b[Part of thesis]
650 _aCAPIM ELEFANTE
650 _aVINHACA
650 _aCAPINEIRA
650 _aADUBACAO
773 0 _tRevista da Sociedade Brasileira de Zootecnia (Brazil)
_xISSN 0100-4859
_g(1984), v. 13(4) p. 564-577
_wBR8501139
909 _a202311
_bLúcia
_c55
_dLúcia Elande
942 _2AGRIS
_n0
_cANA
999 _c116342
_d116342